| 000 | 01101nam a22003377a 4500 | ||
|---|---|---|---|
| 003 | CHAP | ||
| 005 | 20220329140028.0 | ||
| 008 | 971013s1981 r 00010 d | ||
| 010 | _a45859 | ||
| 011 | _a46831 | ||
| 035 | _a50972 | ||
| 040 | _cCHAP | ||
| 082 |
_a153.1 _bR4Y |
||
| 100 | 0 | 0 |
_aRescher, Nicholas. _996054 |
| 245 | _aSistematización cognoscitiva | ||
| 260 |
_aMéxico, D. F. : _bSiglo XXI, _c1981 |
||
| 300 | _a229 p. | ||
| 490 | _aFilosofía | ||
| 590 |
_aBATCH-UPD _b10 _c20130110 _lUCH01 _h1908 |
||
| 590 |
_aBATCH-UPD _b10 _c20130410 _lUCH01 _h1235 |
||
| 590 |
_aBATCH-UPD _b10 _c20130914 _lUCH01 _h1000 |
||
| 590 |
_aCONVERSION _b10 _c20130109 _lUCH01 _h1325 |
||
| 650 | 1 | 4 |
_aCognición. _924357 |
| 650 | 1 | 4 |
_aConocimiento, Teoría del. _927232 |
| 830 |
_aFilosofía _940891 |
||
| 901 | _aBK | ||
| 942 | _cLIBRO | ||
| 949 |
_a153.1 R4Y _bBC _cLIBRO _d33724000231676 _eLIBRO _gI. c/e _h67294 _i50972 _si _t44.00 |
||
| 949 |
_a153.1 R4Y _bBC _cLIBRO _d33724000754024 _eLIBRO _fc.3 _h97162 _i50972 _si |
||
| 949 |
_a153.1 R4Y _bBC _cLIBRO _d33724000884904 _eLIBRO _fc.2 _gI. c/e _h78520 _i50972 _si _t44.00 |
||
| 999 |
_c45859 _d45859 |
||